<?xml version="1.0" encoding="UTF-8"?><?xml-stylesheet type="text/xsl" href="static/style.xsl"?><OAI-PMH xmlns="http://www.openarchives.org/OAI/2.0/" xmlns:xsi="http://www.w3.org/2001/XMLSchema-instance" xsi:schemaLocation="http://www.openarchives.org/OAI/2.0/ http://www.openarchives.org/OAI/2.0/OAI-PMH.xsd"><responseDate>2026-04-13T13:29:52Z</responseDate><request verb="GetRecord" identifier="oai:www.recercat.cat:10230/32918" metadataPrefix="marc">https://recercat.cat/oai/request</request><GetRecord><record><header><identifier>oai:recercat.cat:10230/32918</identifier><datestamp>2025-12-21T20:47:58Z</datestamp><setSpec>com_2072_6</setSpec><setSpec>col_2072_452954</setSpec></header><metadata><record xmlns="http://www.loc.gov/MARC21/slim" xmlns:dcterms="http://purl.org/dc/terms/" xmlns:xsi="http://www.w3.org/2001/XMLSchema-instance" xmlns:doc="http://www.lyncode.com/xoai" xsi:schemaLocation="http://www.loc.gov/MARC21/slim http://www.loc.gov/standards/marcxml/schema/MARC21slim.xsd">
   <leader>00925njm 22002777a 4500</leader>
   <datafield ind2=" " ind1=" " tag="042">
      <subfield code="a">dc</subfield>
   </datafield>
   <datafield ind2=" " ind1=" " tag="720">
      <subfield code="a">Viñals Garrell, Jaume</subfield>
      <subfield code="e">author</subfield>
   </datafield>
   <datafield ind2=" " ind1=" " tag="260">
      <subfield code="c">2017-10-11T11:27:09Z</subfield>
   </datafield>
   <datafield ind2=" " ind1=" " tag="260">
      <subfield code="c">2017-10-11T11:27:09Z</subfield>
   </datafield>
   <datafield ind2=" " ind1=" " tag="260">
      <subfield code="c">2017-10-11</subfield>
   </datafield>
   <datafield ind2=" " ind1=" " tag="520">
      <subfield code="a">Treball de fi de grau en Sistemes Audiovisuals</subfield>
   </datafield>
   <datafield ind2=" " ind1=" " tag="520">
      <subfield code="a">Tutor: Enric Guaus Termens</subfield>
   </datafield>
   <datafield ind2=" " ind1=" " tag="520">
      <subfield code="a">Aquest treball de fi de grau avalua un tractament d’acústica arquitectònica des del punt&#xd;
de vista tècnic i funcional, fet en l’interior d’alguns dels espais de dos institucions de&#xd;
Barcelona: El campus de la comunicació de la Universitat Pompeu Fabra (UPF) i&#xd;
l’Escola Superior de Musica Universitària de Catalunya (ESMUC). Ambdós grups&#xd;
d’espais comparteixen finalitat, la de la docència; però presenten problemes i reptes ben&#xd;
diferents: Com ara el compliment de la legislació vigent d’higiene i seguretat laboral, la&#xd;
millora de l’intel·ligibilitat de la paraula a les aules o el respecte a l’estètica pròpia.&#xd;
Per dur a terme aquest treball de fi de grau, s’han realitzat estudis objectius, prenent&#xd;
mesures als espais a tractar i un cop ja tractats; així com també estudis subjectius basats&#xd;
en enquestes sobre la percepció dels usuaris. Així mateix s’ha desenvolupat una eina de&#xd;
simulació del comportament del so en recintes acústics per tal de preveure l’impacte de&#xd;
les propostes de tractaments de millora.</subfield>
   </datafield>
   <datafield ind2=" " ind1=" " tag="520">
      <subfield code="a">This final grade project evaluates a room acoustic treatment from the technical and&#xd;
functional point of view, made in some buildings of two institutions of Barcelona: The&#xd;
communication campus of the University Pompeu Fabra (UPF) and the School of Music&#xd;
of Catalonia (ESMUC). Both spaces share an objective, teaching; but they have very&#xd;
different problems and challenges: Such as the compliance with the legislation of&#xd;
hygiene and safety in labour, improving the speech intelligibility in the classrooms or&#xd;
with respect to aesthetics.&#xd;
To carry out this final grade, there have been made some objective studies, taking&#xd;
samples of the classrooms to be treated and treated once already; as well as studies&#xd;
based on subjective surveys on the perception of the users. It also introduces a tool that&#xd;
has been developed for simulating the acoustical behaviour of a closed space to predict&#xd;
the impact of the proposed treatment for improving the acoustics of these classrooms.</subfield>
   </datafield>
   <datafield ind2=" " ind1=" " tag="520">
      <subfield code="a">Este trabajo fin de grado avalúa un tratamiento de acústica arquitectónica des del punto&#xd;
de vista técnico y funcional hacho en el interior de algunos espacios de dos instituciones&#xd;
de Barcelona: El campus de la comunicación de la Universidad Pompeu Fabra (UPF) y&#xd;
la Escuela Superior de Música Universitaria de Cataluña (ESMUC). Ambos espacios&#xd;
comparten finalidad, la de la docencia; pero presentan problemas y retos bien distintos:&#xd;
Como el cumplimiento de la legislación vigente de higiene y seguridad laboral, la&#xd;
mejora de la inteligibilidad de la palabra dentro de las aulas o el respeto a la propia&#xd;
estética.&#xd;
Para llevar a cabo este trabajo fin de grado, se han realizado estudios objetivos, tomando&#xd;
muestras a los espacios a tratar y una vez ya tratados; así como también estudios&#xd;
subjetivos basados en cuestionarios sobre la percepción de los usuarios. También se ha&#xd;
desarrollado una herramienta de simulación del comportamiento del sonido en recintos&#xd;
acústicos a fin de prever el impacto de las propuestas de tratamiento de mejora.</subfield>
   </datafield>
   <datafield tag="653" ind2=" " ind1=" ">
      <subfield code="a">Acústica arquitectònica</subfield>
   </datafield>
   <datafield tag="653" ind2=" " ind1=" ">
      <subfield code="a">Acústica arquitectònica</subfield>
   </datafield>
   <datafield tag="653" ind2=" " ind1=" ">
      <subfield code="a">Intel·ligibilitat de la paraula</subfield>
   </datafield>
   <datafield tag="653" ind2=" " ind1=" ">
      <subfield code="a">Higiene i seguretat laboral</subfield>
   </datafield>
   <datafield tag="653" ind2=" " ind1=" ">
      <subfield code="a">Auditoria tècnica</subfield>
   </datafield>
   <datafield tag="653" ind2=" " ind1=" ">
      <subfield code="a">Classroom acoustics</subfield>
   </datafield>
   <datafield tag="653" ind2=" " ind1=" ">
      <subfield code="a">Speech intelligibility</subfield>
   </datafield>
   <datafield tag="653" ind2=" " ind1=" ">
      <subfield code="a">Health and safety in labour</subfield>
   </datafield>
   <datafield tag="653" ind2=" " ind1=" ">
      <subfield code="a">Technical audit</subfield>
   </datafield>
   <datafield tag="653" ind2=" " ind1=" ">
      <subfield code="a">Acústica arquitectónica</subfield>
   </datafield>
   <datafield tag="653" ind2=" " ind1=" ">
      <subfield code="a">Inteligibilidad de la palabra</subfield>
   </datafield>
   <datafield tag="653" ind2=" " ind1=" ">
      <subfield code="a">Higiene y seguridad laboral</subfield>
   </datafield>
   <datafield tag="653" ind2=" " ind1=" ">
      <subfield code="a">Auditoria técnica</subfield>
   </datafield>
   <datafield ind2="0" ind1="0" tag="245">
      <subfield code="a">Estudi i avaluació acústica a les aules del Campus de la Comunicació de la Universitat Pompeu Fabra i de l’Escola Superior de Música Universitària de Catalunya</subfield>
   </datafield>
</record></metadata></record></GetRecord></OAI-PMH>